[Event "ch-Frankfurt A"]
[Site "Frankfurt"]
[Date "2023.05.22"]
[Round "4"]
[White "von Wahden, Jens"]
[Black "Nehmert, Ulrich"]
[Result "1/2-1/2"]
[WhiteElo "1810"]
[BlackElo "2218"]
[PlyCount "80"]
[EventDate "2023.04.24"]
[EventType "swiss"]
[EventCountry "GER"]

1. d4 d5 2. c4 e6 3. Nc3 c6 4. Nf3 dxc4 5. a4 Bb4 6. e3 b5 7. Bd2 a5 8. axb5 Bxc3 9. Bxc3 cxb5 10. b3 Bb7 11. bxc4 b4 12. Bb2 Nf6 13. Bd3 Nbd7 14. O-O O-O 15. Qc2 Bxf3 16. gxf3 Qc7 17. f4 Rfc8 18. Rfc1 Nf8 19. f3 Qb7 20. d5 exd5 21. Bxf6 gxf6 22. Qg2+ Kh8 23. cxd5 Qxd5 24. Be4 Qb3 25. Kh1 Rxc1+ 26. Rxc1 Rd8 27. Rg1 Ng6 28. f5 Rd1 29. fxg6 Rxg1+ 30. Qxg1 hxg6 31. Qa1 Kg7 32. Qxa5 Qd1+ 33. Kg2 Qd2+ 34. Kg3 Qd6+ 35. Kg2 f5 36. Qd5 Qf6 37. Bd3 Qg5+ 38. Kf2 Qh4+ 39. Kg2 Qg5+ 40. Kf2 Qh4+ 1/2-1/2

[Event "ch-Frankfurt A"]
[Site "Frankfurt"]
[Date "2023.05.22"]
[Round "4"]
[White "Wachsmann, Dietmar"]
[Black "Ackermann, Robert"]
[Result "1-0"]
[WhiteElo "1981"]
[BlackElo "1687"]
[PlyCount "63"]
[EventDate "2023.04.24"]
[EventType "swiss"]
[EventCountry "GER"]

1. e4 d6 2. d4 g6 3. Nc3 Bg7 4. Be3 Nf6 5. Qd2 Ng4 6. Bg5 h6 7. Bh4 O-O 8. f4 Nf6 9. O-O-O c6 10. Bd3 Nbd7 11. e5 dxe5 12. fxe5 Nd5 13. Nxd5 cxd5 14. e6 fxe6 15. Nf3 Qe8 16. Rde1 Nf6 17. Ne5 Ne4 18. Bxe4 dxe4 19. Rxe4 g5 20. Bg3 b6 21. h4 Bb7 22. Rg4 Qh5 23. Qe2 Rf5 24. Rh3 Bxg2 25. Qxg2 Bxe5 26. Qxa8+ Kf7 27. Qe4 Bxg3 28. Rhxg3 Qg6 29. hxg5 hxg5 30. Rf3 Qf6 31. Rgg3 Qg6 32. d5 1-0

[Event "ch-Frankfurt A"]
[Site "Frankfurt"]
[Date "2023.05.22"]
[Round "4"]
[White "Waffenschmidt, Joachim"]
[Black "Biegel, Thomas"]
[Result "1-0"]
[WhiteElo "1997"]
[BlackElo "1965"]
[PlyCount "89"]
[EventDate "2023.04.24"]
[EventType "swiss"]
[EventCountry "GER"]

1. d4 d5 2. c4 c6 3. Nf3 Nf6 4. Qb3 dxc4 5. Qxc4 b5 6. Qc2 e6 7. Bg5 Bb7 8. e4 Be7 9. Bd3 Nbd7 10. O-O Rc8 11. Qe2 a6 12. a4 O-O 13. Nbd2 Nb6 14. e5 Ne8 15. Qe4 g6 16. Bh6 Ng7 17. axb5 axb5 18. Qg4 Re8 19. Ne4 Nd5 20. Bxg7 Kxg7 21. h4 f5 22. exf6+ Nxf6 23. Nxf6 Bxf6 24. h5 g5 25. Qe4 Rc7 26. Qxh7+ Kf8 27. Qh6+ Bg7 28. Qg6 Qf6 29. Nxg5 Qxg6 30. Bxg6 Ree7 31. Rfe1 e5 32. dxe5 Bxe5 33. Rad1 Kg7 34. f4 Bd4+ 35. Kh2 Rxe1 36. Rxe1 Bc8 37. b3 c5 38. Re8 b4 39. Bd3 Kh6 40. Be2 c4 41. Bxc4 Kxh5 42. Kg3 Bf5 43. Ne6 Bxe6 44. Rxe6 Ra7 45. Be2# 1-0

[Event "ch-Frankfurt A"]
[Site "Frankfurt"]
[Date "2023.05.22"]
[Round "4"]
[White "Worzelberger, Armin"]
[Black "John, Volkmar"]
[Result "1-0"]
[WhiteElo "1613"]
[BlackElo "1632"]
[PlyCount "35"]
[EventDate "2023.04.24"]
[EventType "swiss"]
[EventCountry "GER"]

1. Nf3 Nf6 2. c4 e6 3. Nc3 d5 4. d4 Be7 5. g4 c5 6. e3 Nc6 7. Ne5 cxd4 8. exd4 dxc4 9. Be3 Qa5 10. Nxc4 Qd8 11. g5 Nd5 12. Rg1 Nxe3 13. fxe3 Bxg5 14. Ne4 Bh6 15. Ned6+ Kf8 16. Qh5 Qf6 17. Bd3 a6 18. Rf1 1-0

[Event "ch-Frankfurt A"]
[Site "Frankfurt"]
[Date "2023.05.22"]
[Round "4"]
[White "Zeyen, Helmut"]
[Black "Mayer, Rolf"]
[Result "1-0"]
[WhiteElo "1799"]
[BlackElo "1555"]
[PlyCount "55"]
[EventDate "2023.04.24"]
[EventType "swiss"]
[EventCountry "GER"]

1. e4 c5 2. Nc3 Nc6 3. f4 g6 4. Nf3 Bg7 5. Bb5 a6 6. Bxc6 bxc6 7. d3 e6 8. O-O Ne7 9. Qe1 d6 10. Kh1 a5 11. Ne2 O-O 12. Qh4 Ba6 13. f5 exf5 14. Bh6 f6 15. Ng3 fxe4 16. Bxg7 Kxg7 17. Qxe4 d5 18. Qg4 Bc8 19. Qa4 Ba6 20. Rfe1 Bb5 21. Qa3 Qd6 22. d4 Qd7 23. Qxc5 Rfe8 24. a4 Ba6 25. Re3 Kf7 26. Rae1 Bb7 27. Rf1 h6 28. Ne5+ 1-0

[Event "ch-Frankfurt A"]
[Site "Frankfurt"]
[Date "2023.05.22"]
[Round "4"]
[White "Zimmer, Gerald"]
[Black "Orlinski, Wolfgang"]
[Result "1/2-1/2"]
[WhiteElo "1915"]
[BlackElo "1933"]
[PlyCount "62"]
[EventDate "2023.04.24"]
[EventType "swiss"]
[EventCountry "GER"]

1. d4 Nf6 2. Nf3 d5 3. e3 Bf5 4. c4 e6 5. Qb3 Qc8 6. Nc3 c6 7. Bd2 Nbd7 8. Rc1 Be7 9. cxd5 exd5 10. Be2 O-O 11. O-O Rb8 12. a4 Qd8 13. Rfd1 Qb6 14. Qxb6 axb6 15. Be1 h6 16. Nh4 Bh7 17. Nf3 Ra8 18. b3 Bd6 19. Bd3 Bxd3 20. Rxd3 Ne4 21. Rdd1 f5 22. Ne2 g5 23. Bd2 Kh7 24. Ne1 Rae8 25. Nc2 Ndf6 26. Be1 Nh5 27. f3 Nef6 28. Bf2 f4 29. Re1 g4 30. exf4 gxf3 31. gxf3 Nxf4 1/2-1/2